Les publicacions de la Generalitat de Catalunya, 1931-1939 /
ISBN:
9788419695826
Descripción Física:
283 pàg. ; fotografies color ; 25 cm
Colección:
Col·lecció "Referents"
; 20
Materias:
Catalunya. Generalitat -- Edició
; Catalunya. -- Generalitat
; Catalunya. Generalitat -- Història -- S. XX -- Fonts -- Bibliografia -- Catàlegs
; Catalunya. -- Comissariat de Propaganda
; Publicacions oficials -- Història -- S. XX -- Catalunya
; Catalunya -- Política i govern -- 1931-1939, Segona República -- Fonts -- Bibliografia -- Catàlegs
; Catalunya -- Política i govern -- 1931-1939, Segona República
; Catalunya -- Catàlegs -- Impresos
; Catalunya -- Història -- 1931-1939, Segona República
; Catalunya -- Història -- 1931-1939, Segona República -- Fonts -- Bibliografia -- Catàlegs
; Catalunya -- Història -- 1936-1939, Guerra Civil
; Catalunya -- Història -- 1931-1939, Guerra Civil -- Fonts -- Bibliografia -- Catàlegs
Idioma:
Catalán
MARC
| LEADER | 00000nam a22000007a 4500 | ||
|---|---|---|---|
| 001 | 28387 | ||
| 003 | AGDB | ||
| 005 | 20260324181521.0 | ||
| 008 | 240205b spa||||| |||| 00| 0 cat d | ||
| 017 | |a B 20441-2023 | ||
| 020 | |a 9788419695826 | ||
| 040 | |a agdb |b cat | ||
| 100 | 1 | |9 70219 |a Boquera Diago, Ester |e directora i autora | |
| 245 | 0 | 4 | |a Les publicacions de la Generalitat de Catalunya, 1931-1939 / |c Directora: Ester Boquera Diago ; Autors: Ester Boquera Diago, Manuel Llanas Pont, Enric Marín i Otto, Enric Pujol i Casademont |
| 250 | |a Primera edició: |b novembre 2023 | ||
| 260 | |a Barcelona : |b Generalitat de Catalunya ; |c 2023 | ||
| 300 | |a 283 pàg. ; |b fotografies color ; |c 25 cm | ||
| 490 | |a Col·lecció "Referents" ; |v 20 | ||
| 504 | |a Bibliografia (pàg. 277-279). | ||
| 556 | |a El 'Catàleg de Publicacions de la Generalitat de Catalunya 1931-1939' incorpora les obres digitalitzades d'aquest període i és consultable al portal de Dades Obertes de la Generalitat i a la web de l'EADOP. | ||
| 556 | |a El 'Catàleg de Publicacions de la Generalitat de Catalunya 1931-1939', elaborat per l'EADOP, conté documents cedits per Biblioteca de l'Arxiu General de la Diputació de Barcelona. | ||
| 585 | |a Se'n va fer una exposició titulada 'Els llibres de la Generalitat republicana (1931-1939)' a la Sala Cotxeres del Palau Robert, del 13 de desembre de 2023 a l'1 d'abril de 2024. | ||
| 610 | 0 | |9 70211 |a Catalunya. Generalitat |x Edició | |
| 610 | 1 | 0 | |a Catalunya. |b Generalitat |9 12125 |
| 610 | 0 | |9 70218 |a Catalunya. Generalitat |x Història |y S. XX |v Fonts |v Bibliografia |v Catàlegs | |
| 610 | 1 | 0 | |9 56414 |a Catalunya. |b Comissariat de Propaganda |
| 650 | 0 | |9 70212 |a Publicacions oficials |x Història |y S. XX |z Catalunya | |
| 651 | 0 | |a Catalunya |x Política i govern |y 1931-1939, Segona República |v Fonts |v Bibliografia |v Catàlegs |9 70213 | |
| 651 | 0 | |a Catalunya |x Política i govern |y 1931-1939, Segona República |9 53540 | |
| 651 | 0 | |9 70214 |a Catalunya |v Catàlegs |v Impresos | |
| 651 | 0 | |9 53541 |a Catalunya |x Història |y 1931-1939, Segona República | |
| 651 | 0 | |9 70215 |a Catalunya |x Història |y 1931-1939, Segona República |v Fonts |v Bibliografia |v Catàlegs | |
| 651 | 0 | |9 54678 |a Catalunya |x Història |y 1936-1939, Guerra Civil | |
| 651 | 0 | |9 70217 |a Catalunya |x Història |y 1931-1939, Guerra Civil |v Fonts |v Bibliografia |v Catàlegs | |
| 700 | |9 26433 |a Llanas, Manuel, |d 1952- |e autor | ||
| 700 | 1 | |9 70220 |a Marín, Enric, |d 1956- |e autor | |
| 700 | 1 | |9 35250 |a Pujol, Enric, |d 1960- |e autor | |
| 710 | 1 | |a Catalunya. |b Generalitat |e entitat editora |9 12125 | |
| 710 | 2 | |9 70221 |a Entitat Autònoma del Diari Oficial i de Publicacions (Catalunya) |e entitat editora | |
| 710 | 2 | |9 52410 |a Memorial Democràtic (Catalunya) |e entitat editora | |
| 856 | |u https://dogc.gencat.cat/ca/publicacions-de-la-generalitat-de-catalunya/Publicacions_1931-1939/index.html |z Accés al 'Catàleg de Publicacions de la Generalitat de Catalunya 1931-1939' | ||
| 942 | |2 udc |c ARXIU |n 1 | ||
| 952 | |0 0 |1 0 |4 0 |6 BIB1145 |7 1 |9 96680 |a Arxiu |b Arxiu |d 2024-02-05 |l 0 |o Bib-1145 |p 28387 |r 2024-02-05 00:00:00 |w 2024-02-05 |y ARXIU | ||
| 999 | |c 128526 |d 128526 | ||